Butterworths residential landlord and tenant handbook (Record no. 110626)
[ view plain ]
| 000 -LEADER | |
|---|---|
| fixed length control field | 02175cab a22002775a 4500 |
| 001 - CONTROL NUMBER | |
| control field | L149795 |
| 008 - FIXED-LENGTH DATA ELEMENTS--GENERAL INFORMATION | |
| fixed length control field | 100427e2009 xxk 00y 0 eng d |
| 020 ## - INTERNATIONAL STANDARD BOOK NUMBER | |
| International Standard Book Number | 9781405728904 |
| 035 ## - SYSTEM CONTROL NUMBER | |
| System control number | (Sirsi) u149795 |
| 041 0# - LANGUAGE CODE | |
| Language code of text/sound track or separate title | eng |
| 050 04 - LIBRARY OF CONGRESS CALL NUMBER | |
| Classification number | 346.4104342 $2 18 |
| 110 2# - MAIN ENTRY--CORPORATE NAME | |
| Corporate name or jurisdiction name as entry element | LexisNexis |
| 9 (RLIN) | 5843 |
| 245 00 - TITLE STATEMENT | |
| Title | Butterworths residential landlord and tenant handbook |
| 250 ## - EDITION STATEMENT | |
| Edition statement | 5th ed. |
| 260 ## - PUBLICATION, DISTRIBUTION, ETC. | |
| Place of publication, distribution, etc. | London |
| Name of publisher, distributor, etc. | Butterworths |
| Date of publication, distribution, etc. | 2009 |
| 300 ## - PHYSICAL DESCRIPTION | |
| Extent | xxii, 1864p. |
| Dimensions | 25cm. |
| 520 ## - SUMMARY, ETC. | |
| Summary, etc. | Supersedes fourth edition (ISBN: 9781405725415). |
| 520 ## - SUMMARY, ETC. | |
| Summary, etc. | The fifth edition of this book incorporates major legislative developments which have occurred since the previous edition. The handbook is an invaluable source of reference for those practitioners, in both the public and private sectors, who deal with such issues as leasehold enfranchisement, the right to buy (and the new right to acquire for tenants of registered social landlords), assured, secure and protected tenancies, disrepair and all other areas of residential landlord and tenant law. This title includes extensive amendments to the Housing Acts 1988 and 1985 in relation to security of tenure (by Part 3 of the Housing & Regeneration Act 2008); other amendments to the 1985 Act in relation to the right to buy and other landlord and tenant matters by the 2008 Act; amendments to the Leasehold Reform Act 1967 by the 2008 Act; and, amendments to the Landlord and Tenant Acts 1985 and 1987 by the 2008 Act in relation to service charges and leasehold management. Part I of the 2008 Act which introduces the Housing and Community Agency for the funding and promotion of new housing. Part 2 of the 2008 which introduces a new system for the regulation of housing (including local authority housing). It includes the homelessness provisions in the Housing Acts 1985 and the Homelessness Act 2002. It also features legislation relating to Mobile Homes and Caravans. |
| 590 ## - LOCAL NOTE (RLIN) | |
| Local note | KA |
| 650 24 - SUBJECT ADDED ENTRY--TOPICAL TERM | |
| Topical term or geographic name entry element | HOUSING ACT 2004 |
| 650 24 - SUBJECT ADDED ENTRY--TOPICAL TERM | |
| Topical term or geographic name entry element | COMMONHOLD AND LEASEHOLD REFORM ACT 2002 |
| 651 #4 - SUBJECT ADDED ENTRY--GEOGRAPHIC NAME | |
| Geographic name | UNITED KINGDOM |
| 690 ## - LOCAL SUBJECT ADDED ENTRY--TOPICAL TERM (OCLC, RLIN) | |
| Topical term or geographic name as entry element | PROPERTY-RESIDENTIAL PROPERTY-RESIDENTIAL LANDLORD AND TENANT |
| 700 1# - ADDED ENTRY--PERSONAL NAME | |
| Personal name | Driscoll, James |
| 942 ## - ADDED ENTRY ELEMENTS (KOHA) | |
| Suppress in OPAC | 0 |
| Withdrawn status | Lost status | Source of classification or shelving scheme | Damaged status | Not for loan | Home library | Current library | Shelving location | Date acquired | Total Checkouts | Full call number | Barcode | Date last seen | Copy number | Price effective from | Koha item type |
|---|---|---|---|---|---|---|---|---|---|---|---|---|---|---|---|
| Dewey Decimal Classification | London | London | Reference copy | 27/04/2010 | 346.4104342 DRI | 30075428 | 06/08/2019 | 1 | 06/08/2019 | Book |